000 00292nam a2200133Ia 4500
100 _aBrahamankar/E.B & Other
942 _cRB
654 _aBussiness
245 _aBussiness Organisation
260 _bUniversal Pub.House
_aBombay
_c1978
300 _a167
546 _aENGLISH
999 _c19744
_d19744